[Event "Commonwealth & South African Open 2011"]
[Site "Emperors Casino and Conference"]
[Date "2011.06.24"]
[Round "3.4"]
[White "Takawira, Erick"]
[Black "Lafuente, Pablo"]
[Result "0-1"]
[WhiteElo "2035"]
[BlackElo "2555"]
[PlyCount "72"]
[EventDate "2011.06.24"]

1. e4 c6 2. d3 d5 3. Nd2 e5 4. Ngf3 Bd6 5. g3 Nf6 6. Bg2 O-O 7. O-O Re8 8. Re1
Nbd7 9. Qe2 Nc5 10. h3 a5 11. a4 Bd7 12. Kh2 Qc7 13. b3 dxe4 14. dxe4 b5 15.
Ba3 Bc8 16. Bxc5 Bxc5 17. axb5 cxb5 18. c4 b4 19. Nf1 Bb7 20. N3d2 Nd7 21. Ne3
Bxe3 22. Qxe3 Nc5 23. Red1 Red8 24. Nf1 Rd4 25. Rd2 Rxd2 26. Nxd2 Rd8 27. Rb1
Rd3 28. Qe2 Qd6 29. Rb2 h6 30. Bf1 Qd4 31. Ra2 Qc3 32. Qe1 Rd8 33. Qe3 Qxe3 34.
fxe3 a4 35. bxa4 b3 36. Nxb3 Nxb3 0-1

[Event "Commonwealth & South African Open 2011"]
[Site "Emperors Casino and Conference"]
[Date "2011.06.24"]
[Round "3.5"]
[White "Kunte, Abhijit"]
[Black "Ivana Maria, Furtado"]
[Result "1/2-1/2"]
[WhiteElo "2526"]
[BlackElo "1999"]
[PlyCount "51"]
[EventDate "2011.06.24"]

1. d4 Nf6 2. c4 e6 3. Nf3 d5 4. g3 Bb4+ 5. Nbd2 dxc4 6. Qc2 b5 7. a4 c6 8. Bg2
Bb7 9. O-O O-O 10. b3 Bxd2 11. Bxd2 cxb3 12. Qxb3 a6 13. Rfc1 Nbd7 14. Ne1 Qb6
15. Qb2 Rfc8 16. Nd3 Re8 17. Ba5 Qxa5 18. axb5 Qxb5 19. Qa3 Qf5 20. Rab1 Rab8
21. Qd6 Red8 22. Qc7 Rdc8 23. Qd6 e5 24. dxe5 Ne8 25. Qe7 Qe6 26. Qh4 1/2-1/2

[Event "Commonwealth & South African Open 2011"]
[Site "Emperors Casino and Conference"]
[Date "2011.06.24"]
[Round "3.6"]
[White "Tapera, Uzeni"]
[Black "Smerdon, David"]
[Result "0-1"]
[WhiteElo "2028"]
[BlackElo "2520"]
[PlyCount "118"]
[EventDate "2011.06.24"]

1. e4 c5 2. Nf3 g6 3. e5 Bg7 4. c3 d6 5. d4 cxd4 6. cxd4 Nc6 7. Bb5 a6 8. Bxc6+
bxc6 9. O-O h5 10. Bf4 Nh6 11. exd6 exd6 12. Re1+ Be6 13. Ng5 Qf6 14. Nxe6 fxe6
15. Bxd6 Ng4 16. Qe2 Rd8 17. Bc5 Bf8 18. Nc3 Bxc5 19. dxc5 O-O 20. Qxe6+ Qxe6
21. Rxe6 Rd2 22. f3 Nf6 23. b4 Rc2 24. Nd1 Nd5 25. a3 Nf4 26. Ne3 Rxg2+ 27.
Nxg2 Nxe6 28. f4 Rd8 29. Re1 Kf7 30. Re2 Rd3 31. Re3 Rd2 32. Kf1 Nd4 33. h3 Kf6
34. Ne1 Nf5 35. Rd3 Ra2 36. Nf3 Ng3+ 37. Ke1 Ne4 38. Ne5 g5 39. Nxc6 gxf4 40.
Nd4 Ra1+ 41. Ke2 Ra2+ 42. Kf3 Nf2 43. Rc3 Ke5 44. c6 Nxh3 45. Nc2 Ng5+ 46. Kg2
f3+ 47. Kf2 Kf4 48. c7 Ne4+ 49. Kg1 Nxc3 50. c8=Q Rxc2 51. Qc4+ Ke3 52. Qc5+
Kd2 53. Qf2+ Ne2+ 54. Kh1 Rc3 55. a4 Rb3 56. Qc5 Ke1 57. Qe5 Rc3 58. Qh2 f2 59.
Qh4 Rc4 {Time} 0-1

[Event "Commonwealth & South African Open 2011"]
[Site "Emperors Casino and Conference"]
[Date "2011.06.24"]
[Round "3.7"]
[White "Harika, Dronovali"]
[Black "Wilken, Justin B"]
[Result "1-0"]
[WhiteElo "2520"]
[BlackElo "1987"]
[PlyCount "45"]
[EventDate "2011.06.24"]

1. Nf3 g6 2. g3 Bg7 3. d4 f5 4. Bg2 Nh6 5. c4 Nf7 6. Nc3 O-O 7. h4 e6 8. e4
fxe4 9. Nxe4 Nc6 10. Be3 e5 11. d5 Ne7 12. g4 d6 13. Nfg5 Nxg5 14. hxg5 Qd7 15.
Rh4 b5 16. c5 dxc5 17. Nxc5 Qd6 18. Qd2 Rb8 19. O-O-O Bh8 20. Qc2 a5 21. Ne4
Qa6 22. d6 cxd6 23. Rxd6 1-0

[Event "Commonwealth & South African Open 2011"]
[Site "Emperors Casino and Conference"]
[Date "2011.06.24"]
[Round "3.8"]
[White "Kromhout, Alexander"]
[Black "Huschenbeth, Niclas"]
[Result "0-1"]
[WhiteElo "2005"]
[BlackElo "2502"]
[PlyCount "106"]
[EventDate "2011.06.24"]

1. d4 d5 2. c4 c6 3. Nf3 e6 4. Nc3 dxc4 5. a4 Bb4 6. Ne5 b5 7. g3 Nf6 8. Bg2
Nd5 9. Bd2 Bb7 10. O-O Bxc3 11. Bxc3 O-O 12. Bd2 f6 13. Nf3 Nd7 14. e4 Ne7 15.
b3 a5 16. bxc4 b4 17. Bh3 e5 18. dxe5 Nxe5 19. Nxe5 fxe5 20. Bg5 Qc7 21. c5 h6
22. Be3 Rad8 23. Qh5 Ba6 24. Rfd1 Bc4 25. Bf1 Bf7 26. Qe2 Kh8 27. f4 Ng8 28.
Bg2 Nf6 29. Bf3 Qe7 30. f5 Rxd1+ 31. Rxd1 Rd8 32. Rb1 Qd7 33. Rb2 Qd3 34. Rd2
Qb1+ 35. Kg2 Rxd2 36. Bxd2 Qc2 37. g4 b3 38. Bxa5 Qxe2+ 39. Bxe2 b2 40. Bd3 Ba2
41. Bc7 Nxe4 42. Bxe5 Nxc5 43. Bxb2 Nxd3 44. Bc3 Bd5+ 45. Kg3 Nc5 46. Bd4 Nxa4
47. f6 gxf6 48. Bxf6+ Kh7 49. h4 Nc5 50. Kf4 Ne4 51. Be7 c5 52. Ke5 Bc6 53. g5
h5 0-1

[Event "Commonwealth & South African Open 2011"]
[Site "Emperors Casino and Conference"]
[Date "2011.06.24"]
[Round "3.9"]
[White "Grover, Sahaj"]
[Black "Odendaal, Frederick"]
[Result "1-0"]
[WhiteElo "2485"]
[BlackElo "1959"]
[PlyCount "78"]
[EventDate "2011.06.24"]

1. e4 c6 2. d4 d5 3. Nc3 dxe4 4. Nxe4 Bf5 5. Ng3 Bg6 6. h4 h6 7. Nf3 Nd7 8. h5
Bh7 9. Bd3 Bxd3 10. Qxd3 Qc7 11. Bd2 e6 12. O-O-O O-O-O 13. Qe2 Bd6 14. Ne4 Bf4
15. Bxf4 Qxf4+ 16. Qe3 Qxe3+ 17. fxe3 Kc7 18. Nf2 Ne7 19. Nd3 Rhf8 20. e4 Rde8
21. c3 Nc8 22. Rde1 Nd6 23. e5 Nc8 24. Rh4 Kd8 25. Nd2 Ke7 26. Nc4 b6 27. Kc2
Rd8 28. Nf4 Nb8 29. b4 Na6 30. a4 Nc7 31. Nb2 Rd7 32. Nbd3 Rfd8 33. Ne2 Nd5 34.
Ng3 Kf8 35. Ne4 Kg8 36. Rh3 Kh7 37. Rf3 Rg8 38. g4 g5 39. c4 Nce7 1-0

[Event "Commonwealth & South African Open 2011"]
[Site "Emperors Casino and Conference"]
[Date "2011.06.24"]
[Round "3.10"]
[White "Tafira, Tinashe"]
[Black "Laxman, Rajaram"]
[Result "1/2-1/2"]
[WhiteElo "1953"]
[BlackElo "2446"]
[PlyCount "132"]
[EventDate "2011.06.24"]

1. e4 e5 2. Nf3 Nc6 3. d4 exd4 4. Nxd4 Nf6 5. Nxc6 bxc6 6. Bd3 d5 7. exd5 cxd5
8. O-O Be7 9. Nc3 O-O 10. Bg5 c6 11. Qf3 h6 12. Bf4 Bd6 13. h3 Be6 14. Rfe1
Bxf4 15. Qxf4 c5 16. Rad1 Qb8 17. Qxb8 Raxb8 18. b3 g5 19. Be2 Rfd8 20. f4 gxf4
21. Rf1 Ne4 22. Nxe4 dxe4 23. Rxf4 Rxd1+ 24. Bxd1 Rd8 25. Bg4 e3 26. Re4 Bxg4
27. hxg4 Rd1+ 28. Kh2 Rd2 29. Rxe3 Rxc2 30. a4 c4 31. Kg3 cxb3 32. Rxb3 Rc4 33.
a5 Rc5 34. Ra3 a6 35. Kf4 Kg7 36. Ke4 Kg6 37. Ra4 Kg5 38. Kf3 f6 39. Kg3 Rc3+
40. Kf2 Kg6 41. Ke2 Kf7 42. Rf4 Rc5 43. Rf5 Rc2+ 44. Kf3 Rc3+ 45. Kf4 Ke6 46.
Rh5 Rc4+ 47. Kf3 Ra4 48. Rf5 Ra3+ 49. Kf4 Ra2 50. Kf3 Ra1 51. Rh5 Ke7 52. g3
Ke6 53. Ke2 Kf7 54. Kf3 Kg6 55. Kf4 Rf1+ 56. Ke4 Re1+ 57. Kf4 Re5 58. Rxe5
fxe5+ 59. Kxe5 Kg5 60. Kd5 Kxg4 61. Kc6 Kxg3 62. Kb6 h5 63. Kxa6 h4 64. Kb7 h3
65. a6 h2 66. a7 h1=Q+ 1/2-1/2

[Event "Commonwealth & South African Open 2011"]
[Site "Emperors Casino and Conference"]
[Date "2011.06.24"]
[Round "4.1"]
[White "Ovcina, Denis"]
[Black "Short, Nigel D"]
[Result "0-1"]
[WhiteElo "2248"]
[BlackElo "2682"]
[PlyCount "70"]
[EventDate "2011.06.24"]

1. d4 e6 2. c4 b6 3. Nc3 Bb4 4. Nf3 Bb7 5. Bg5 Nf6 6. e3 h6 7. Bxf6 Bxc3+ 8.
bxc3 Qxf6 9. Bd3 O-O 10. O-O d6 11. Nd2 e5 12. Qg4 Qe7 13. Qf5 g6 14. Qh3 h5
15. Bc2 f5 16. Rae1 Kg7 17. f3 Nc6 18. Kh1 Na5 19. d5 Rae8 20. Bd3 c6 21. g4
hxg4 22. fxg4 e4 23. Be2 Bc8 24. gxf5 Rxf5 25. Rxf5 Bxf5 26. Bg4 Rh8 27. Qg2
Qh4 28. Bxf5 Qxe1+ 29. Nf1 Rh6 30. Kg1 Qxc3 31. Bxe4 c5 32. Qg4 Nxc4 33. Qd7+
Kh8 34. Bd3 Ne5 35. Be4 Nxd7 0-1

[Event "Commonwealth & South African Open 2011"]
[Site "Emperors Casino and Conference"]
[Date "2011.06.24"]
[Round "4.2"]
[White "Gupta, Abhijeet"]
[Black "Goosen, Anton"]
[Result "1-0"]
[WhiteElo "2604"]
[BlackElo "2182"]
[PlyCount "61"]
[EventDate "2011.06.24"]

1. d4 Nf6 2. c4 c5 3. d5 b5 4. cxb5 a6 5. e3 axb5 6. Bxb5 Qa5+ 7. Nc3 Bb7 8.
Nge2 Nxd5 9. O-O Nxc3 10. Nxc3 e6 11. e4 Bxe4 12. Bxd7+ Nxd7 13. Nxe4 c4 14.
Qe2 Ne5 15. Bd2 Qa6 16. Bc3 Nd3 17. b3 Be7 18. bxc4 Qxc4 19. Rfd1 Rd8 20. Qg4
Rc8 21. Qxg7 Rf8 22. Qxh7 f5 23. Qg6+ Kd7 24. Ng5 Rc6 25. Bg7 e5 26. Qh7 Rd8
27. Qxf5+ Kc7 28. Bxe5+ Nxe5 29. Qxe5+ Bd6 30. Ne6+ Kd7 31. Nxd8 1-0

[Event "Commonwealth & South African Open 2011"]
[Site "Emperors Casino and Conference"]
[Date "2011.06.24"]
[Round "4.5"]
[White "Smerdon, David"]
[Black "Simutowe, Musa"]
[Result "1-0"]
[WhiteElo "2520"]
[BlackElo "2119"]
[PlyCount "103"]
[EventDate "2011.06.24"]

1. e4 e5 2. d4 exd4 3. Nf3 Nc6 4. Bc4 Nf6 5. e5 d5 6. Bb5 Ne4 7. Nxd4 Bd7 8.
Bxc6 bxc6 9. O-O Bc5 10. Be3 O-O 11. f3 Ng5 12. f4 Ne4 13. Nd2 Nxd2 14. Qxd2 f6
15. Nb3 Bxe3+ 16. Qxe3 fxe5 17. fxe5 Rxf1+ 18. Rxf1 Qe7 19. Nc5 Be6 20. c3 a5
21. a4 Re8 22. b4 axb4 23. cxb4 h6 24. a5 Rb8 25. a6 Ra8 26. Ra1 Bf5 27. Qf4
Be6 28. h3 Kh8 29. Ra3 Kh7 30. Rg3 Rd8 31. Qd4 Ra8 32. Qd3+ Kh8 33. Qg6 Bg8 34.
e6 Rf8 35. Rf3 Rxf3 36. gxf3 Qh4 37. a7 Qe1+ 38. Kh2 Qe2+ 39. Kg3 Qe1+ 40. Kg2
Qe2+ 41. Kg3 Qe1+ 42. Kg4 Qg1+ 43. Kh5 Qh2 44. Qf5 Qg3 45. h4 g6+ 46. Qxg6
Qxf3+ 47. Kxh6 Qf4+ 48. Kh5 Qf3+ 49. Qg4 Bf7+ 50. Kg5 Qe3+ 51. Kf6 Qf2+ 52. Ke7
1-0

[Event "Commonwealth & South African Open 2011"]
[Site "Emperors Casino and Conference"]
[Date "2011.06.24"]
[Round "4.6"]
[White "Anderson, Gavin A"]
[Black "Harika, Dronovali"]
[Result "0-1"]
[WhiteElo "2157"]
[BlackElo "2520"]
[PlyCount "80"]
[EventDate "2011.06.24"]

1. d4 Nf6 2. c4 g6 3. Nc3 Bg7 4. e4 O-O 5. Be2 d6 6. Bg5 Na6 7. Qd2 e5 8. d5
Qe8 9. Bd3 Nd7 10. f3 f5 11. Nge2 Ndc5 12. Bc2 Nb4 13. Bb1 a5 14. Qd1 Bd7 15.
a3 Nba6 16. b3 f4 17. Bh4 g5 18. Bf2 g4 19. Nc1 Qg6 20. Ra2 Bh6 21. Nd3 Kh8 22.
Nxc5 Nxc5 23. Bd3 gxf3 24. gxf3 Rg8 25. Rg1 Nxd3+ 26. Qxd3 Qh5 27. Rxg8+ Rxg8
28. h4 Bf8 29. Ra1 Be7 30. Ke2 Bxh4 31. Rh1 Rg2 32. Nd1 Qg5 33. Ke1 Bxf2+ 34.
Nxf2 Qg3 35. Qe2 b5 36. Kf1 bxc4 37. bxc4 Ba4 38. Qb2 Bb3 39. Rh3 Bxc4+ 40. Ke1
Rg1+ 0-1

[Event "Commonwealth & South African Open 2011"]
[Site "Emperors Casino and Conference"]
[Date "2011.06.24"]
[Round "4.7"]
[White "Huschenbeth, Niclas"]
[Black "Dole, Anant"]
[Result "1/2-1/2"]
[WhiteElo "2502"]
[BlackElo "2103"]
[PlyCount "87"]
[EventDate "2011.06.24"]

1. e4 e6 2. d4 d5 3. Nd2 c5 4. exd5 Qxd5 5. Ngf3 cxd4 6. Bc4 Qd6 7. O-O Nf6 8.
Nb3 Nc6 9. Nbxd4 Nxd4 10. Nxd4 Be7 11. c3 O-O 12. Qf3 Qc7 13. Bb3 Bd7 14. Re1
Bd6 15. h3 e5 16. Nc2 a5 17. Bg5 e4 18. Qe2 a4 19. Bc4 b5 20. Bxf6 bxc4 21. Bh4
Rab8 22. Qxe4 Rxb2 23. Nd4 Qa5 24. Rad1 Qc5 25. Be7 Rfb8 26. Bxd6 Qxd6 27. Nc2
Qg6 28. Nb4 Qxe4 29. Rxe4 Be6 30. Red4 g6 31. R4d2 R8xb4 32. cxb4 c3 33. Rd8+
Kg7 34. Rc1 c2 35. Kh2 Bxa2 36. b5 Bb1 37. Ra8 Rxb5 38. Rxa4 Kf6 39. Kg3 Rb3+
40. Kf4 Rd3 41. Ra6+ Ke7 42. Rc6 Rd2 43. Ke3 Rd1 44. R1xc2 1/2-1/2

[Event "Commonwealth & South African Open 2011"]
[Site "Emperors Casino and Conference"]
[Date "2011.06.24"]
[Round "4.8"]
[White "Gaealafshwe, Barileng"]
[Black "Grover, Sahaj"]
[Result "0-1"]
[WhiteElo "2128"]
[BlackElo "2485"]
[PlyCount "48"]
[EventDate "2011.06.24"]

1. Nf3 Nf6 2. c4 e6 3. g3 d5 4. d4 dxc4 5. Qa4+ c6 6. Qxc4 b5 7. Qc2 Bb7 8. Bg2
Nbd7 9. O-O c5 10. dxc5 Bxc5 11. Bg5 Rc8 12. Qb3 a6 13. a4 Qb6 14. Bxf6 Nxf6
15. axb5 Bxf2+ 16. Kh1 Bd5 17. Qa3 axb5 18. Nc3 Bc6 19. Qa6 O-O 20. Qxb6 Bxb6
21. Ne5 Bxg2+ 22. Kxg2 Bd4 23. Nd3 Bxc3 24. bxc3 Nd5 0-1

[Event "Commonwealth & South African Open 2011"]
[Site "Emperors Casino and Conference"]
[Date "2011.06.24"]
[Round "4.9"]
[White "Mamombe, Kudzanai"]
[Black "Sachdev, Tania"]
[Result "1-0"]
[WhiteElo "2089"]
[BlackElo "2416"]
[PlyCount "81"]
[EventDate "2011.06.24"]

1. e4 c5 2. Nf3 e6 3. d3 Nc6 4. g3 d5 5. Nbd2 Nf6 6. Bg2 Be7 7. O-O O-O 8. Re1
b5 9. e5 Nd7 10. Nf1 a5 11. h4 Re8 12. Bf4 f6 13. Bh3 Ndxe5 14. Bxe5 Nxe5 15.
Nxe5 fxe5 16. Rxe5 Bf6 17. Re2 Qd6 18. c3 b4 19. Qd2 Ba6 20. f4 e5 21. Rae1 e4
22. dxe4 Bxe2 23. Rxe2 bxc3 24. bxc3 d4 25. e5 Qa6 26. cxd4 cxd4 27. Re1 Bd8
28. Bf5 Bb6 29. Bd3 Qc8 30. f5 Ra7 31. g4 a4 32. Qg5 Qc3 33. Rd1 Rxe5 34. Rc1
Rc7 35. Rxc3 dxc3+ 36. Kh1 Rc8 37. Qf4 Re1 38. Bc4+ Kh8 39. f6 Rf8 40. Qd6 Ree8
41. fxg7+ 1-0

[Event "Commonwealth & South African Open 2011"]
[Site "Emperors Casino and Conference"]
[Date "2011.06.24"]
[Round "4.12"]
[White "Hercules, Benjamin Vincent"]
[Black "Jere, Daniel"]
[Result "0-1"]
[WhiteElo "2089"]
[BlackElo "2344"]
[PlyCount "80"]
[EventDate "2011.06.24"]

1. d4 Nf6 2. c4 g6 3. Nc3 Bg7 4. e4 d6 5. Be2 O-O 6. Bg5 c5 7. d5 e6 8. Nf3
exd5 9. cxd5 a6 10. a4 Bg4 11. Nd2 Bxe2 12. Qxe2 Nbd7 13. O-O Re8 14. Rfe1 Qc7
15. h3 Rac8 16. Nc4 Nb6 17. Rad1 Nxc4 18. Qxc4 Nd7 19. f4 Qa5 20. e5 dxe5 21.
d6 Qb4 22. Qxb4 cxb4 23. Nd5 Rc5 24. Nxb4 f6 25. fxe5 Rcxe5 26. Bh4 Rxe1+ 27.
Bxe1 Bf8 28. b3 Rd8 29. Bf2 Kf7 30. Nc2 Ne5 31. Bc5 Rc8 32. b4 Nd7 33. Nd4 b6
34. Bxb6 Nxb6 35. a5 Nd7 36. b5 Bxd6 37. b6 Bc5 38. Kf1 Bxd4 39. Rxd4 Ke6 40.
Ke2 Rc5 0-1

[Event "Commonwealth & South African Open 2011"]
[Site "Emperors Casino and Conference"]
[Date "2011.06.24"]
[Round "4.14"]
[White "Foley, Patrick J"]
[Black "Ghate, Swati"]
[Result "0-1"]
[WhiteElo "2075"]
[BlackElo "2317"]
[PlyCount "111"]
[EventDate "2011.06.24"]

1. d4 d5 2. Nf3 Nf6 3. Bg5 Ne4 4. Bh4 c5 5. c3 Qb6 6. Qb3 Nc6 7. e3 c4 8. Qxb6
axb6 9. Nbd2 Nd6 10. a3 b5 11. Rc1 Bf5 12. Be2 h6 13. O-O e6 14. Bg3 Nc8 15.
Ne1 Nb6 16. Bd1 Be7 17. f3 Bh7 18. Bc7 Na4 19. Bxa4 Rxa4 20. Nc2 Kd7 21. Bg3
Bd3 22. Rfe1 f5 23. Nb4 Nxb4 24. cxb4 g5 25. Rc3 b6 26. Nb3 Rf8 27. Be5 f4 28.
exf4 gxf4 29. Nc1 Bh7 30. Ne2 Bd6 31. Bxd6 Kxd6 32. g3 fxg3 33. hxg3 Ra7 34.
Nf4 Bg8 35. Rce3 Rf6 36. Kf2 Ra8 37. Rh1 Raf8 38. Rh5 Rxf4 39. gxf4 Rxf4 40.
Rxh6 Rxd4 41. Ke2 Bf7 42. Rh8 Rf4 43. Rb8 Kc7 44. Rf8 Rf5 45. Rxf7+ Rxf7 46.
Rxe6 d4 47. Re4 d3+ 48. Ke3 Rd7 49. Kd2 Rh7 50. Re6 Rh2+ 51. Kc1 Rc2+ 52. Kb1
Re2 53. Re4 Rxe4 54. fxe4 Kd6 55. Kc1 Ke5 56. b3 0-1

[Event "Commonwealth & South African Open 2011"]
[Site "Emperors Casino and Conference"]
[Date "2011.06.24"]
[Round "4.15"]
[White "Subbaraman, Meenakshi"]
[Black "Bhawoodien, Mohamed O"]
[Result "1-0"]
[WhiteElo "2317"]
[BlackElo "1859"]
[PlyCount "102"]
[EventDate "2011.06.24"]

1. d4 Nf6 2. c4 g6 3. Nf3 Bg7 4. g3 c5 5. d5 b5 6. cxb5 Qa5+ 7. Bd2 Qxb5 8. Nc3
Qb6 9. Bg2 d6 10. O-O O-O 11. Re1 Na6 12. e4 Nb4 13. Bf4 Ba6 14. e5 Ng4 15. h3
dxe5 16. Nxe5 Nxe5 17. Bxe5 Bxe5 18. Rxe5 Nd3 19. Rxe7 Nxf2 20. Qf3 Nd3 21. Rb1
c4+ 22. Qe3 Qxe3+ 23. Rxe3 Rfe8 24. Rxe8+ Rxe8 25. b4 cxb3 26. axb3 Nb4 27. Rd1
Bd3 28. Na4 Kf8 29. Nc5 Bb5 30. Nb7 Ba6 31. Nc5 Bb5 32. Rd4 a5 33. Nb7 Nc2 34.
Rd2 Ne3 35. Bf3 Nf5 36. Kf2 a4 37. d6 axb3 38. d7 Bxd7 39. Rxd7 b2 40. Rd1 Nd4
41. Rb1 Rc8 42. Rxb2 Rc2+ 43. Rxc2 Nxc2 44. Nd6 Ke7 45. Nb5 Nb4 46. Ke3 Na6 47.
Kd4 Nb8 48. Na7 Nd7 49. Bd5 f5 50. Nc8+ Kf6 51. Nd6 Ke7 {notation unclear} 1-0

[Event "Commonwealth & South African Open 2011"]
[Site "Emperors Casino and Conference"]
[Date "2011.06.24"]
[Round "4.16"]
[White "Mabuya, McDonald Z"]
[Black "van der Nat, Nicholas P"]
[Result "0-1"]
[WhiteElo "1804"]
[BlackElo "2308"]
[PlyCount "60"]
[EventDate "2011.06.24"]

1. d4 Nf6 2. Nf3 g6 3. Nc3 d5 4. Bf4 Bg7 5. e3 O-O 6. Be2 b6 7. Ne5 Bb7 8. h4
Nfd7 9. h5 Nxe5 10. Bxe5 f6 11. Bg3 Nd7 12. hxg6 hxg6 13. Bf3 e6 14. Nb5 e5 15.
Nc3 c6 16. Qd2 Qe7 17. O-O-O b5 18. Bh4 Nb6 19. dxe5 Qxe5 20. Qd3 f5 21. Bg3
Qe7 22. Ne2 Nc4 23. c3 b4 24. Rde1 a5 25. Bf4 g5 26. Bxg5 Qxg5 27. Rh3 bxc3 28.
Nxc3 Qe7 29. Rg3 Ba6 30. Qc2 Rfd8 {notation unclear} 0-1

[Event "Commonwealth & South African Open 2011"]
[Site "Emperors Casino and Conference"]
[Date "2011.06.24"]
[Round "4.17"]
[White "Cawdery, Daniel J"]
[Black "Feng, Thomas"]
[Result "1-0"]
[WhiteElo "2274"]
[BlackElo "1853"]
[PlyCount "39"]
[EventDate "2011.06.24"]

1. e4 e6 2. d4 d5 3. Nd2 Nf6 4. e5 Nfd7 5. Bd3 c5 6. c3 Nc6 7. Ne2 Qc7 8. O-O
b6 9. c4 dxc4 10. Nxc4 Bb7 11. Bf4 Nxd4 12. Nxd4 cxd4 13. Rc1 Nc5 14. b4 Nxd3
15. Nd6+ Qxd6 16. exd6 Nxf4 17. Qa4+ Kd8 18. Rc7 Bc8 19. Qc6 Rb8 20. Rd7+ 1-0

[Event "Commonwealth & South African Open 2011"]
[Site "Emperors Casino and Conference"]
[Date "2011.06.24"]
[Round "4.18"]
[White "Chabalala, Whisper"]
[Black "Oatlhotse, Providence"]
[Result "0-1"]
[WhiteElo "1508"]
[BlackElo "2251"]
[PlyCount "20"]
[EventDate "2011.06.24"]

1. e4 c5 2. Nf3 d6 3. d4 cxd4 4. Nxd4 Nf6 5. Nc3 g6 6. Be2 Bg7 7. Be3 Nc6 8.
O-O O-O 9. f4 Bd7 10. Qd2 Nxd4 {notation unreadable} 0-1

[Event "Commonwealth & South African Open 2011"]
[Site "Emperors Casino and Conference"]
[Date "2011.06.24"]
[Round "4.19"]
[White "Kunte, Abhijit"]
[Black "du Toit, Stefan M"]
[Result "1-0"]
[WhiteElo "2526"]
[BlackElo "1690"]
[PlyCount "135"]
[EventDate "2011.06.24"]

1. d4 Nf6 2. c4 c5 3. d5 b5 4. cxb5 a6 5. bxa6 g6 6. Nc3 Bxa6 7. Nf3 d6 8. g3
Bg7 9. Bg2 O-O 10. O-O Nbd7 11. Rb1 Ra7 12. b3 Qa8 13. a4 Rb8 14. Ne1 Rab7 15.
Bd2 c4 16. b4 Rxb4 17. Rxb4 Rxb4 18. Nc2 Rb8 19. Nd4 Ne4 20. Nxe4 Bxd4 21. Bg5
Bf6 22. Nxf6+ Nxf6 23. Qd4 Kg7 24. Bd2 Qb7 25. Bc3 Qb6 26. Qd2 Bc8 27. e4 Qc5
28. e5 dxe5 29. Bxe5 Rb3 30. Rc1 Qb4 31. Bc3 Qxa4 32. d6 exd6 33. Qd4 Rxc3 34.
Qxc3 Be6 35. h3 h5 36. Qd4 Qd7 37. Kh2 Qd8 38. Ra1 Kh7 39. Ra8 Qe7 40. Ra7 Qd8
41. Bf1 d5 42. Bxc4 Ne4 43. Bf1 Qb8 44. Bg2 Ng5 45. Qa1 Qh8 46. h4 Qxa1 47.
Rxa1 Ne4 48. Bxe4 dxe4 49. Ra4 Bf5 50. Kg1 Kg7 51. Kf1 Bh3+ 52. Ke2 Bf5 53. Ke3
Kh7 54. Kf4 Kg7 55. Ra6 Kh7 56. Ra5 e3 57. Kxe3 Be6 58. Ke4 Bg4 59. Ke5 Kg7 60.
Kd6 Be2 61. Ke7 Bd1 62. Rb5 Be2 63. Rb4 Bd1 64. Rf4 Bb3 65. Rf6 Bd5 66. f4 Bc4
67. f5 Bd5 68. Rd6 1-0

[Event "Commonwealth & South African Open 2011"]
[Site "Emperors Casino and Conference"]
[Date "2011.06.24"]
[Round "4.20"]
[White "Laxman, Rajaram"]
[Black "Makhubela L"]
[Result "1-0"]
[WhiteElo "2446"]
[BlackElo "1468"]
[PlyCount "107"]
[EventDate "2011.06.24"]

1. Nf3 b6 2. g3 Bb7 3. Bg2 Nf6 4. c4 c5 5. Nc3 g6 6. O-O Bg7 7. d4 cxd4 8. Qxd4
O-O 9. Qh4 d6 10. Rd1 Nbd7 11. Bh6 Rc8 12. b3 Rc5 13. Bxg7 Kxg7 14. Qd4 Kg8 15.
Ne1 Bxg2 16. Nxg2 Nb8 17. Ne3 Nc6 18. Qd2 Rh5 19. Ncd5 Nxd5 20. cxd5 Ne5 21. f4
Nd7 22. Ng4 Nc5 23. Nf2 f5 24. b4 Nd7 25. Rac1 Nf6 26. Qe3 Qd7 27. Qe6+ Qxe6
28. dxe6 Ne8 29. Rc8 Ng7 30. Rc7 Re8 31. Rxa7 Nxe6 32. e3 g5 33. Rd5 gxf4 34.
gxf4 Kf8 35. Rb5 Rc8 36. Rxb6 Rc3 37. Rb8+ Kf7 38. Rbb7 Rh6 39. Rxe7+ Kf6 40.
Rxh7 Rxh7 41. Rxh7 Rxe3 42. Rd7 Re1+ 43. Kg2 Nxf4+ 44. Kf3 Ke6 45. Rd8 Ke7 46.
Ra8 Nd5 47. b5 Kd7 48. Ra7+ Ke6 49. Ra3 Ra1 50. h4 Rb1 51. Rb3 Rxb3+ 52. axb3
Ke5 53. Nd3+ Kd4 54. h5 1-0

[Event "Commonwealth & South African Open 2011"]
[Site "Emperors Casino and Conference"]
[Date "2011.06.24"]
[Round "4.21"]
[White "Ringoir, Tanguy"]
[Black "Tafira, Tinashe"]
[Result "1-0"]
[WhiteElo "2399"]
[BlackElo "1953"]
[PlyCount "24"]
[EventDate "2011.06.24"]

1. e4 c5 2. Nc3 Nc6 3. f4 d6 4. Nf3 Bg4 5. Bb5 a6 6. Bxc6+ bxc6 7. O-O Nf6 8.
h3 Bd7 9. d3 g6 10. Qe1 Bg7 11. e5 dxe5 12. fxe5 Nd5 {Notation unclear} 1-0

[Event "Commonwealth & South African Open 2011"]
[Site "Emperors Casino and Conference"]
[Date "2011.06.24"]
[Round "4.22"]
[White "Mabusela, Johannes M"]
[Black "Oberholzer, Francois"]
[Result "1-0"]
[WhiteElo "2272"]
[BlackElo "1896"]
[PlyCount "28"]
[EventDate "2011.06.24"]

1. e4 c5 2. Nf3 a6 3. d4 cxd4 4. Nxd4 Nf6 5. Nc3 e5 6. Nf3 Bb4 7. Bc4 Qc7 8.
Qd3 Nc6 9. O-O Bxc3 10. bxc3 O-O 11. Ba3 b5 12. Bxf8 bxc4 13. Bd6 cxd3 14. Bxc7
dxc2 {notation unclear} 1-0

[Event "Commonwealth & South African Open 2011"]
[Site "Emperors Casino and Conference"]
[Date "2011.06.24"]
[Round "4.23"]
[White "Gluckman, David"]
[Black "Choko, Siyabonga V"]
[Result "1-0"]
[WhiteElo "2262"]
[BlackElo "1890"]
[PlyCount "57"]
[EventDate "2011.06.24"]

1. e4 e5 2. Nf3 Nc6 3. d4 exd4 4. Nxd4 Bc5 5. Nb3 Bb6 6. Nc3 Qf6 7. Qe2 Nge7 8.
Be3 O-O 9. O-O-O d6 10. Kb1 Be6 11. Qd2 Rfe8 12. Nd4 Nxd4 13. Bxd4 Bxd4 14.
Qxd4 Qg5 15. h4 Qa5 16. f3 b5 17. b3 c5 18. Qd2 c4 19. Nd5 Qa3 20. Nxe7+ Rxe7
21. Qxd6 Qxd6 22. Rxd6 Rb7 23. Be2 Kf8 24. Rhd1 Ke7 25. f4 g6 26. f5 Bd7 27.
f6+ Ke8 28. e5 Rc8 29. Rxd7 1-0

[Event "Commonwealth & South African Open 2011"]
[Site "Emperors Casino and Conference"]
[Date "2011.06.24"]
[Round "4.25"]
[White "Nel, Andre"]
[Black "Whittet, Andrew N"]
[Result "1-0"]
[WhiteElo "2236"]
[BlackElo "1818"]
[PlyCount "31"]
[EventDate "2011.06.24"]

1. e4 c5 2. Nf3 e6 3. d3 Nc6 4. g3 g6 5. Bg2 Bg7 6. O-O Nge7 7. Re1 e5 8. Nc3
O-O 9. Bg5 h6 10. Be3 d6 11. Qd2 Nd4 12. Bxh6 Nxc2 13. Bxg7 Nxe1 14. Bf6 Nxf3+
15. Bxf3 Kh7 16. Qg5 1-0

[Event "Commonwealth & South African Open 2011"]
[Site "Emperors Casino and Conference"]
[Date "2011.06.24"]
[Round "4.26"]
[White "Mokomele, Andrew"]
[Black "Njobvu, Ignatius"]
[Result "0-1"]
[WhiteElo "1898"]
[BlackElo "2228"]
[PlyCount "59"]
[EventDate "2011.06.24"]

1. d4 c6 2. c4 d5 3. cxd5 cxd5 4. Nc3 Nc6 5. Bg5 h6 6. Bh4 Qa5 7. e3 e6 8. Bd3
Bd7 9. a3 Rc8 10. Nge2 Be7 11. b4 Qd8 12. Bg3 Nf6 13. h3 O-O 14. O-O Be8 15.
Na4 Bd6 16. Nc5 Bxg3 17. Nxg3 g6 18. Na4 Qd6 19. Ba6 Rc7 20. Nc3 Nxb4 21. axb4
Rxc3 22. Qb1 b5 23. Ne2 Rc4 24. Ra5 Rxb4 25. Qa2 Ra4 26. Rxa4 bxa4 27. Bd3 Bd7
28. Rc1 Rb8 29. Rc5 Qb6 30. Qc2 0-1